Truyện ngắn Văn học Việt Nam sau cách mạng tháng tám T.3

kỷ niệm 45 năm thành lập nhà xuất bản văn học (1948 - 1993)

保存先:
書誌詳細
第一著者: NXB Văn học
フォーマット: 図書
言語:Undetermined
出版事項: H. Văn học 1992
主題:
オンライン・アクセス:http://lrc.tdmu.edu.vn/opac/search/detail.asp?aID=2&ID=7139
タグ: タグ追加
タグなし, このレコードへの初めてのタグを付けませんか!
Thư viện lưu trữ: Trung tâm Học liệu Trường Đại học Thủ Dầu Một
LEADER 00761nam a2200229Ia 4500
001 TDMU_7139
008 210410s9999 xx 000 0 und d
082 |a 895.922 
090 |b TR527 
100 |a NXB Văn học 
245 0 |a Truyện ngắn 
245 0 |b Văn học Việt Nam sau cách mạng tháng tám 
245 0 |c NXB Văn học 
245 0 |n T.3 
260 |a H. 
260 |b Văn học 
260 |c 1992 
300 |a 475tr 
520 |a kỷ niệm 45 năm thành lập nhà xuất bản văn học (1948 - 1993) 
650 |a Văn học Việt Nam; Truyện ngắn 
856 |u http://lrc.tdmu.edu.vn/opac/search/detail.asp?aID=2&ID=7139 
980 |a Trung tâm Học liệu Trường Đại học Thủ Dầu Một